Natalie Portman Movies: Multiple Choice - Statistics

General Stats
  • This quiz has been taken 549 times
  • The average score is 10 of 15
Answer Stats
Question Answer % Correct
Which one? Black Swan
97%
Which one? V for Vendetta
97%
Which one? Star Wars: Episode I - The Phantom Menace
92%
Which one? Léon: The Professional
79%
Which one? Thor
79%
Which one? Thor: The Dark World
79%
Which one? No Strings Attached
74%
Which one? The Other Boleyn Girl
74%
Which one? Closer
66%
Which one? Garden State
61%
Which one? Jackie
58%
Which one? Where the Heart Is
55%
Which one? Your Highness
50%
Which one? Cold Mountain
45%
Which one? The Darjeeling Limited
21%
No matching quizzes found
Score Distribution
Percent of People with Each Score
Percentile by Number Answered
Your Score History
You have not taken this quiz